| 000 | 01199nam a22003737a 4500 | ||
|---|---|---|---|
| 003 | CHAP | ||
| 005 | 20230906123733.0 | ||
| 008 | 080403d2006 es r 00110 spa d | ||
| 010 | _a94663 | ||
| 011 | _a95635 | ||
| 020 | _a8484762963 | ||
| 035 | _a106263 | ||
| 040 | _cCHAP | ||
| 082 | 0 | 0 |
_a595.146045223 _bS38 |
| 100 | 1 |
_aSchuldt, Miguel _9103208 |
|
| 245 | 1 | 0 |
_aLombricultura : _bteoría y práctica _c/por Miguel Schuldt |
| 260 |
_aMadrid : _bMundi-Prensa, _c2006 |
||
| 300 |
_a307 p. : _bilus. ; gráfs. ; cuadros |
||
| 590 |
_aBATCH-UPD _b10 _c20130110 |
||
| 590 |
_aBATCH-UPD _b10 _c20130110 |
||
| 590 |
_aBATCH-UPD _b10 _c20130410 |
||
| 590 |
_aBATCH-UPD _b10 _c20130914 |
||
| 590 |
_aCONVERSION _b10 _c20130109 |
||
| 650 | 1 | 4 |
_aHarina de lombrices. _952711 |
| 650 | 1 | 4 |
_aHumus. _956902 |
| 650 | 1 | 4 |
_aLombrices como compost. _967519 |
| 650 | 1 | 4 |
_aLombrices de tierra. _967520 |
| 650 | 1 | 4 |
_aMateria orgánica. _972931 |
| 650 | 1 | 4 | _aVermicompost. |
| 901 | _aBK | ||
| 942 |
_cLIBRO _2ddc |
||
| 949 |
_a595.146 S2 _bBC _cLIBRO _d33724002046769 _eLIBRO _gI.c/e. _h109369 _i106263 _so _t$584.00 |
||
| 949 |
_a595.146 S2 _bBC _cLIBRO _d33724002046801 _eLIBRO _fc.2 _gI.c/e. _h109370 _i106263 _so _t$584.00 |
||
| 999 |
_c94663 _d94663 |
||